[Event "OSEM SH 2017"]
[Site "Büsum"]
[Date "2017.09.12"]
[Round "5.83"]
[White "Gottschalk, Jürgen"]
[Black "Walther, Renate"]
[Result "1-0"]
[WhiteElo "1639"]
[BlackElo "1173"]
[PlyCount "101"]
[EventDate "2017.??.??"]
[WhiteTeam "SV Parchim"]
[BlackTeam "SK Herzogenaurach"]

1. e4 e5 2. Nf3 d5 3. exd5 e4 4. Qe2 Nf6 5. Nc3 Bf5 6. Nd4 Qd7 7. Qb5 a6 8.
Qxd7+ Bxd7 9. Bc4 Bb4 10. O-O O-O 11. Nce2 b5 12. Bb3 Bd6 13. a3 Be5 14. c3
Bxd4 15. Nxd4 Kh8 16. Ne2 Bc8 17. Re1 Nbd7 18. Ng3 Nc5 19. Bc2 Re8 20. b4 Nd3
21. Bxd3 exd3 22. Rxe8+ Nxe8 23. Bb2 Bd7 24. Re1 Nd6 25. Re7 Re8 26. Rxe8+ Bxe8
27. Nh5 Nc4 28. Bc1 f6 29. Nf4 Ne5 30. Ne6 c6 31. Nc7 Bd7 32. dxc6 Bxc6 33.
Nxa6 h5 34. Nc5 Kg8 35. f4 Ng6 36. Nxd3 Be4 37. Nc5 Bd5 38. g3 f5 39. Kf2 Ne7
40. Ke3 Nc6 41. d3 Kf7 42. Nd7 Ke6 43. Nc5+ Kf6 44. Bb2 g5 45. c4+ Kg6 46. cxd5
Ne7 47. Kd4 h4 48. d6 Nc6+ 49. Kd5 Nd8 50. fxg5 Kxg5 51. Ne6+ 1-0

[Event "OSEM SH 2017"]
[Site "Büsum"]
[Date "2017.09.12"]
[Round "5.84"]
[White "Horn, Wilfried"]
[Black "Stratmann, Dietrich"]
[Result "0-1"]
[WhiteElo "1412"]
[BlackElo "1682"]
[PlyCount "92"]
[EventDate "2017.??.??"]
[WhiteTeam "SV Bad Schwartau"]
[BlackTeam "SC Northeim"]

1. c4 Nf6 2. Nc3 d5 3. cxd5 Nxd5 4. Qb3 e6 5. g3 Nc6 6. Bg2 Na5 7. Qc2 Nb4 8.
Qd1 Nd5 9. a3 c5 10. Nf3 Be7 11. O-O Nc6 12. d3 h6 13. Bd2 Bf6 14. Qc1 Nxc3 15.
Bxc3 e5 16. Qc2 Qe7 17. Rad1 Nd4 18. Nxd4 exd4 19. Be1 Rb8 20. Qa4+ b5 21. Qc2
Bb7 22. f3 Bg5 23. f4 Bxg2 24. Kxg2 Qb7+ 25. Kg1 Be7 26. b4 cxb4 27. Bxb4 Bxb4
28. axb4 Rc8 29. Qb2 Rc3 30. Rc1 Qc7 31. Rxc3 dxc3 32. Qc2 O-O 33. d4 Qc4 34.
Kg2 Re8 35. Kf3 Qxb4 36. e3 Qc4 37. Ra1 Re7 38. Qe2 Qxe2+ 39. Kxe2 b4 40. d5 b3
41. Kd1 b2 42. Rb1 Rxe3 43. Kc2 a5 44. d6 Kf8 45. d7 Ke7 46. Rd1 Kd8 0-1

[Event "OSEM SH 2017"]
[Site "Büsum"]
[Date "2017.09.12"]
[Round "5.85"]
[White "Möller, Peter"]
[Black "Geibel, Henning"]
[Result "1-0"]
[WhiteElo "1672"]
[BlackElo "1475"]
[PlyCount "59"]
[EventDate "2017.??.??"]
[WhiteTeam "ASV Wismar"]
[BlackTeam "SV Bargteheide"]

1. d4 d5 2. Bf4 Bf5 3. Nf3 e6 4. e3 a6 5. Nbd2 Bd6 6. Ne5 Bxe5 7. Bxe5 Nf6 8.
c3 O-O 9. Be2 Nc6 10. Bg3 Re8 11. h3 e5 12. dxe5 Nxe5 13. O-O Bd3 14. Bxd3 Nxd3
15. Qc2 Ne5 16. Rad1 c6 17. Nb3 Nh5 18. Bh2 Qg5 19. Qe2 Re6 20. f4 Ng3 21. Bxg3
Qxg3 22. fxe5 Qxe5 23. Rf3 b6 24. Nd4 Rg6 25. Rdf1 c5 26. Nf5 Rf6 27. Qf2 Rc8
28. Qg3 Qxg3 29. Rxg3 g6 30. Ne7+ 1-0

[Event "OSEM SH 2017"]
[Site "Büsum"]
[Date "2017.09.12"]
[Round "5.86"]
[White "Kaspschak, Karola"]
[Black "Graffenberger, Wilhelm"]
[Result "1/2-1/2"]
[WhiteElo "1435"]
[BlackElo "1651"]
[PlyCount "113"]
[EventDate "2017.??.??"]
[WhiteTeam "Sf Barsinghausen"]
[BlackTeam "Hamburger SK"]

1. d4 Nf6 2. c4 g6 3. Nc3 Bg7 4. Nf3 d6 5. e3 O-O 6. Be2 Nbd7 7. O-O b6 8. b3
c5 9. h3 e5 10. dxe5 dxe5 11. e4 Qc7 12. Bd3 Bb7 13. Re1 Rad8 14. Bg5 h6 15.
Bh4 Rfe8 16. Bc2 Nf8 17. Qc1 Qc6 18. Qb2 Rd7 19. Bg3 Nh5 20. Bh2 Qc8 21. Rad1
Nf4 22. Rxd7 Nxd7 23. Qc1 Nf8 24. Nb5 Qb8 25. g3 Nxh3+ 26. Kg2 Ng5 27. Nxg5
hxg5 28. Qxg5 Ne6 29. Qc1 Nd4 30. Nxd4 cxd4 31. Bd3 f5 32. f3 Qa8 33. Qc2 Bh6
34. c5 Qc8 35. Qc4+ Kh7 36. Qf7+ Bg7 37. b4 Rf8 38. Qc4 bxc5 39. bxc5 fxe4 40.
Bxe4 Bxe4 41. Rxe4 Bf6 42. g4 Qb8 43. Qb3 Qc7 44. Qc4 Rb8 45. Qc2 Rb5 46. Rxd4
Rxc5 47. Rd7+ Qxd7 48. Qxc5 Qd2+ 49. Qf2 Qxf2+ 50. Kxf2 Kg7 51. Ke3 Kf7 52. Ke4
Ke6 53. f4 exf4 54. Bxf4 a6 55. g5 Bc3 56. a4 Bb4 57. Be3 1/2-1/2

[Event "OSEM SH 2017"]
[Site "Büsum"]
[Date "2017.09.12"]
[Round "5.87"]
[White "Ketelsen, Herbert"]
[Black "Engel, Peter"]
[Result "1-0"]
[WhiteElo "1565"]
[BlackElo "1448"]
[PlyCount "143"]
[EventDate "2017.??.??"]
[WhiteTeam "SK Kaltenkirchen"]
[BlackTeam "Schachpinguine Berlin"]

1. d4 Nf6 2. c4 g6 3. Nc3 d5 4. e3 Bg7 5. Nf3 O-O 6. Qb3 c6 7. Be2 b6 8. O-O
Be6 9. Ng5 Bc8 10. Nf3 Ba6 11. Re1 e6 12. Qa4 c5 13. b3 Qc7 14. Nb5 Bxb5 15.
Qxb5 a6 16. Qa4 Ne4 17. Qa3 Nd7 18. Bd3 Nd6 19. Bb2 b5 20. dxc5 b4 21. Qxb4
Bxb2 22. cxd6 Qa7 23. Rad1 Rfb8 24. Qd2 Ba3 25. Qc2 Bxd6 26. cxd5 Rc8 27. Qe2
e5 28. Rc1 Nc5 29. Bc4 a5 30. Qb2 Re8 31. Nd2 Rab8 32. Qc2 e4 33. Nf1 f5 34. h3
Rbc8 35. Qb2 Qb7 36. Rb1 Be5 37. Qd2 Bd6 38. Red1 Na6 39. Qxa5 Ra8 40. Qc3 Be5
41. d6+ Kg7 42. Qd2 Nb4 43. a3 Rxa3 44. Bd5 Qb6 45. Bc4 Ra2 46. Qe1 Nc2 47. Qe2
Nb4 48. Rd2 Rea8 49. Rbd1 Bf6 50. d7 Qd8 51. Bb5 Bc3 52. Rxa2 Nxa2 53. Qc4 Bb4
54. Rd5 Be7 55. Bc6 Rb8 56. Rb5 Rb6 57. Qd4+ Bf6 58. Qxb6 Qxb6 59. Rxb6 Kh6 60.
Bxe4 Bd8 61. Rb8 Bc7 62. Rc8 Bb6 63. Bc6 Nb4 64. Rb8 Nxc6 65. Rxb6 Nd8 66. b4
Nf7 67. Rb8 Ne5 68. d8=Q Kh5 69. Ng3+ Kh6 70. h4 Nd7 71. Qxd7 f4 72. Rb7 1-0

[Event "OSEM SH 2017"]
[Site "Büsum"]
[Date "2017.09.12"]
[Round "5.88"]
[White "Hadlich, Carmen"]
[Black "Klose, Hans-Peter"]
[Result "1-0"]
[WhiteElo "1351"]
[BlackElo "1537"]
[PlyCount "73"]
[EventDate "2017.??.??"]
[WhiteTeam "SV Holstein Quickborn"]
[BlackTeam "ESV Göttingen"]

1. d4 Nf6 2. Nf3 g6 3. e3 Bg7 4. Bd3 O-O 5. O-O d6 6. h3 b6 7. c3 Bb7 8. Nbd2
c5 9. Re1 Nbd7 10. e4 Kh8 11. Rb1 Rc8 12. b3 Nb8 13. Bb2 Re8 14. Ng5 Rf8 15. c4
h6 16. Ngf3 Nh5 17. d5 Bxb2 18. Rxb2 Nd7 19. e5 Nxe5 20. Nxe5 dxe5 21. Rxe5 Nf4
22. Nf3 f6 23. Re3 Rg8 24. Rd2 Rc7 25. Qa1 Qf8 26. Ne5 Qg7 27. Ng4 Bc8 28. Nh2
Nxd3 29. Rexd3 Bf5 30. Re3 h5 31. g4 hxg4 32. hxg4 Bxg4 33. Nxg4 Qh7 34. Rde2
g5 35. Nxf6 exf6 36. Qxf6+ Rgg7 37. Re8+ 1-0

[Event "OSEM SH 2017"]
[Site "Büsum"]
[Date "2017.09.12"]
[Round "5.89"]
[White "Deak-Willimsky, Emanuela"]
[Black "Graffenberger, Marianne"]
[Result "1/2-1/2"]
[WhiteElo "1502"]
[BlackElo "1382"]
[PlyCount "64"]
[EventDate "2017.??.??"]
[WhiteTeam "SF Furtwangen-Vöhrenbach"]
[BlackTeam "Hamburger SK"]

1. c4 c5 2. Nc3 Nc6 3. Nf3 d6 4. g3 Nf6 5. Bg2 e6 6. d4 cxd4 7. Nxd4 Nxd4 8.
Qxd4 Be7 9. O-O O-O 10. a3 e5 11. Qd3 Rb8 12. Be3 b6 13. b4 Bb7 14. Nd5 Nxd5
15. cxd5 Bf6 16. Be4 g6 17. Bh6 Bg7 18. Be3 Bc8 19. Rac1 Bh3 20. Rfd1 f5 21.
Bg2 Bxg2 22. Kxg2 e4 23. Qd2 Qd7 24. Bf4 Rbc8 25. Rc6 Rxc6 26. dxc6 Qxc6 27.
Qxd6 Qxd6 28. Rxd6 Rf7 29. Rd8+ Rf8 30. Rd7 Rf7 31. Rd8+ Rf8 32. Rd7 Rf7
1/2-1/2

[Event "OSEM SH 2017"]
[Site "Büsum"]
[Date "2017.09.12"]
[Round "5.90"]
[White "Berber, Theodor"]
[Black "Schumacher, Ursula"]
[Result "1/2-1/2"]
[WhiteElo "1627"]
[BlackElo "1519"]
[PlyCount "104"]
[EventDate "2017.??.??"]
[WhiteTeam "SK Kaltenkirchen"]
[BlackTeam "HTC Bad Neuenahr"]

1. d4 c6 2. Nf3 d5 3. e3 Bf5 4. Nbd2 Nf6 5. Be2 Nbd7 6. O-O e6 7. c4 Be7 8. b3
O-O 9. Bb2 h6 10. Ne5 Nxe5 11. dxe5 Nd7 12. Nf3 Qa5 13. h3 Nc5 14. a3 Qc7 15.
Rc1 Rad8 16. Bd4 b6 17. b4 Ne4 18. cxd5 exd5 19. Qb3 Qd7 20. Qa4 Rc8 21. Nh2
Be6 22. Rc2 Rc7 23. Rfc1 Rfc8 24. Ba6 Rb8 25. Rxc6 Rxc6 26. Qxc6 Qxc6 27. Rxc6
Bd8 28. Nf3 Bd7 29. Rc1 Be6 30. Be2 g6 31. Bb5 Rb7 32. Bb2 g5 33. g4 Kg7 34.
Nd4 Rc7 35. Rxc7 Bxc7 36. Nf5+ Kg6 37. Ng3 Nxg3 38. fxg3 Kg7 39. Bd3 Kf8 40.
Bf5 Ke7 41. Bd4 Kd7 42. Kf2 Kc6 43. a4 a6 44. Bd3 b5 45. a5 Kb7 46. h4 Kc6 47.
h5 Kd7 48. e4 Kc6 49. Ke3 Kb7 50. exd5 Bxd5 51. Be4 Kc6 52. Bf5 Be6 1/2-1/2

[Event "OSEM SH 2017"]
[Site "Büsum"]
[Date "2017.09.12"]
[Round "5.91"]
[White "Baumast, Bernd"]
[Black "Neumann, Horst"]
[Result "0-1"]
[WhiteElo "1583"]
[BlackElo "1809"]
[Annotator "Gemkow,Jan Marten"]
[PlyCount "79"]
[EventDate "2017.??.??"]
[WhiteTeam "SV Bad Oldesloe"]
[BlackTeam "SG Güls/Niederfell"]

1. b4 e5 2. Bb2 d6 3. c4 Be6 4. e3 Nd7 5. Be2 d5 6. c5 a5 7. a3 Ne7 8. Nf3 Ng6
9. Nc3 Be7 10. O-O O-O 11. d4 e4 12. Nb5 exf3 13. Bxf3 c6 14. Nc3 f5 15. Bh5
Nf6 16. f4 Bf7 17. Be2 Re8 18. Bd3 Ne4 19. Nxe4 dxe4 20. Be2 Qd5 21. g4 Be6 22.
g5 Qb3 23. Qxb3 Bxb3 24. Bh5 Bf7 25. Bc3 Bd8 26. Rfb1 a4 27. Bd1 Bc4 28. Bh5
Re6 29. Kf2 Ne7 30. h4 Nd5 31. Bd2 Bc7 32. Rh1 g6 33. Bd1 Bb5 34. h5 Bxf4 35.
exf4 e3+ 36. Bxe3 Rxe3 37. hxg6 hxg6 38. Rh6 Kg7 39. Bf3 Rae8 40. Rah1 {Rest
nicht rekonstruierbar} 0-1